[Event "BIH-chT 19th"]
[Site "Neum"]
[Date "2021.09.23"]
[Round "8.6"]
[White "Sadikovic, Jasmin"]
[Black "Pistalovic, Slobodan"]
[Result "1-0"]
[WhiteElo "2120"]
[BlackElo "2108"]
[PlyCount "105"]
[EventDate "2021.09.17"]
[EventType "team-tourn"]
[EventRounds "9"]
[EventCountry "BIH"]
[SourceTitle "EXT 2023"]
[Source "ChessBase"]
[SourceDate "2022.10.05"]
[SourceVersion "1"]
[SourceVersionDate "2022.10.05"]
[SourceQuality "1"]
[WhiteTeam "Gorazde"]
[BlackTeam "Brcko Jedinstvo"]
[WhiteTeamCountry "BIH"]
[BlackTeamCountry "BIH"]

1. e4 c5 2. d3 Nc6 3. g3 e6 4. Bg2 Nf6 5. Nf3 d6 6. 0-0 Be7 7. c3 0-0 8. Qe2 Nd7 9. d4 cxd4 10. Nxd4 a6 11. Rd1 Rb8 12. a4 Re8 13. Be3 Nxd4 14. Bxd4 b6 15. Nd2 Bb7 16. Nc4 d5 17. exd5 exd5 18. Ne3 Bf6 19. Qg4 Bxd4 20. Qxd4 Nf6 21. c4 Ne4 22. cxd5 Nc5 23. Qf4 Qe7 24. b4 Nd7 25. Rac1 Ne5 26. Qd4 Qf6 27. f4 Nd7 28. Qxf6 Nxf6 29. Nc4 b5 30. axb5 axb5 31. Ne5 Red8 32. Rc5 Ba8 33. Kf2 Ne8 34. Bf1 Nf6 35. Bg2 Ne8 36. Ra1 Nd6 37. Nc6 Bxc6 38. dxc6 Rbc8 39. Ra7 g6 40. g4 f5 41. Bd5+ Kf8 42. Rxh7 fxg4 43. Kg3 Nf5+ 44. Kf2 Nd6 45. Kg3 Re8 46. Rd7 Red8 47. Rxd8+ Rxd8 48. c7 Re8 49. Bb7 Nc8 50. Rxb5 Kf7 51. Ba6 Nd6 52. Rd5 Ke6 53. Rxd6+ 1-0

[Event "BIH-chT 19th"]
[Site "Neum"]
[Date "2021.09.21"]
[Round "6.6"]
[White "Savanovic, Aleksandar"]
[Black "Pistalovic, Slobodan"]
[Result "1/2-1/2"]
[WhiteElo "2399"]
[BlackElo "2108"]
[PlyCount "131"]
[EventDate "2021.09.17"]
[EventType "team-tourn"]
[EventRounds "9"]
[EventCountry "BIH"]
[SourceTitle "EXT 2023"]
[Source "ChessBase"]
[SourceDate "2022.10.05"]
[SourceVersion "1"]
[SourceVersionDate "2022.10.05"]
[SourceQuality "1"]
[WhiteTeam "Sarajevo Bosna"]
[BlackTeam "Brcko Jedinstvo"]
[WhiteTeamCountry "BIH"]
[BlackTeamCountry "BIH"]

1. e4 c5 2. Nf3 e6 3. d4 cxd4 4. Nxd4 Nc6 5. Nc3 Qc7 6. Be2 a6 7. 0-0 Nf6 8. Kh1 Be7 9. f4 d6 10. Be3 0-0 11. a4 Nxd4 12. Qxd4 Bd7 13. e5 Ne8 14. Bf3 Bc6 15. Bxc6 Qxc6 16. Rfd1 f5 17. Qb4 Rf7 18. exd6 Bxd6 19. Qb3 Rf6 20. Rd2 Rg6 21. Rf1 Rd8 22. Qb6 Qxb6 23. Bxb6 Rc8 24. g3 Rf6 25. Re1 Rc6 26. Bd8 Rf8 27. Rxe6 Bxf4 28. Rde2 Bc7 29. Be7 Rf7 30. Nd5 Rxe6 31. Rxe6 f4 32. Bg5 Kf8 33. Bxf4 Bxf4 34. Nxf4 Rc7 35. Re2 Kf7 36. Ne6 Rc8 37. Ng5+ Kg6 38. Ne4 Rc6 39. Kg2 Nc7 40. Rd2 b5 41. axb5 Nxb5 42. Kf3 Rxc2 43. Rxc2 Nd4+ 44. Ke3 Nxc2+ 45. Kd3 Na1 46. Ke2 Nc2 47. Kd2 Nd4 48. Nc5 a5 49. Ke3 Nc6 50. Ke4 h5 51. Kd5 Ne7+ 52. Ke4 Nc6 53. Ne6 Kf6 54. Nf4 Kg5 55. Kd5 Ne7+ 56. Kc5 Kg4 57. Kb5 h4 58. Kxa5 hxg3 59. hxg3 g6 60. Ka6 Kxg3 61. Nxg6 Nxg6 62. b4 Ne5 63. b5 Nc4 64. Kb7 Nd6+ 65. Kc6 Nxb5 66. Kxb5 1/2-1/2

[Event "Senta op 25th"]
[Site "Senta"]
[Date "2021.07.23"]
[Round "8"]
[White "Radovic, Stefan"]
[Black "Pistalovic, Slobodan"]
[Result "1/2-1/2"]
[WhiteElo "1985"]
[BlackElo "1903"]
[PlyCount "89"]
[EventDate "2021.07.17"]
[EventType "swiss"]
[EventRounds "9"]
[EventCountry "SRB"]
[SourceTitle "EXT 2022"]
[Source "ChessBase"]
[SourceDate "2021.10.06"]
[SourceVersion "1"]
[SourceVersionDate "2021.10.06"]
[SourceQuality "1"]

1. d4 Nf6 2. c4 g6 3. Nc3 Bg7 4. e4 d6 5. f3 0-0 6. Bg5 c5 7. d5 e6 8. Qd2 exd5 9. cxd5 a6 10. a4 Re8 11. Nge2 Nbd7 12. Ng3 Qc7 13. Be2 Kh8 14. 0-0 Ng8 15. Rab1 h6 16. Be3 b6 17. Kh1 Kh7 18. Rfc1 Ne5 19. h3 Nd7 20. b4 Rb8 21. f4 Ne7 22. e5 f5 23. e6 Nf6 24. bxc5 bxc5 25. Bc4 Bb7 26. Qd3 Ba8 27. Bd2 Rxb1 28. Rxb1 Rb8 29. Rxb8 Qxb8 30. Nf1 Nh5 31. Kh2 Bxc3 32. Qxc3 Nxd5 33. Bxd5 Bxd5 34. g4 Ng7 35. Qf6 Bxe6 36. Bc3 Qg8 37. gxf5 Nxf5 38. Ng3 Nd4 39. Bxd4 cxd4 40. Qxd4 d5 41. Qa7+ Qf7 42. Qxa6 Qxf4 43. Qxe6 Qf2+ 44. Kh1 Qf3+ 45. Kh2 1/2-1/2

[Event "Wch U12"]
[Site "Weifang"]
[Date "2019.08.22"]
[Round "2"]
[White "Navumenka, Mikhei"]
[Black "Pistalovic, Slobodan"]
[Result "1-0"]
[WhiteElo "2148"]
[BlackElo "1858"]
[PlyCount "47"]
[EventDate "2019.08.21"]
[EventType "swiss"]
[EventRounds "11"]
[EventCountry "CHN"]
[SourceTitle "EXT 2020"]
[Source "ChessBase"]
[SourceDate "2019.10.17"]
[SourceVersion "1"]
[SourceVersionDate "2019.10.17"]
[SourceQuality "1"]

1. d4 d5 2. c4 c6 3. Nf3 Nf6 4. Nc3 dxc4 5. a4 Bf5 6. e3 e6 7. Bxc4 Bb4 8. 0-0 0-0 9. Qe2 Bg4 10. h3 Bxf3 11. Qxf3 Nbd7 12. Rd1 Rc8 13. Bb3 Qe7 14. e4 e5 15. Bg5 exd4 16. Rxd4 c5 17. Rxd7 Qxd7 18. Bxf6 c4 19. Qg3 g6 20. Nd5 cxb3 21. Nxb4 Rc4 22. Qg5 Qd6 23. Nd5 Ra8 24. Qh6 1-0

[Event "Sarajevo Bosna op 49th"]
[Site "Sarajevo"]
[Date "2019.04.30"]
[Round "6"]
[White "Beslija, Hana"]
[Black "Pistalovic, Slobodan"]
[Result "0-1"]
[WhiteElo "1297"]
[BlackElo "1865"]
[PlyCount "38"]
[EventDate "2019.04.27"]
[EventType "swiss"]
[EventRounds "9"]
[EventCountry "BIH"]
[SourceTitle "CBM 190 Extra"]
[Source "ChessBase"]
[SourceDate "2019.07.15"]
[SourceVersion "1"]
[SourceVersionDate "2019.07.15"]
[SourceQuality "1"]

1. f4 d5 2. Nf3 Nf6 3. b3 c6 4. Bb2 Bg4 5. e3 e6 6. Be2 Be7 7. Nc3 Nbd7 8. Nd4 Bxe2 9. Ncxe2 0-0 10. h3 Ne4 11. 0-0 Bf6 12. d3 Nd6 13. Bc3 c5 14. Nf3 Nf5 15. Bxf6 Qxf6 16. Qd2 Rfe8 17. g4 Nh4 18. g5 Nxf3+ 19. Rxf3 Qxa1+ 0-1

[Event "Sarajevo Bosna op 49th"]
[Site "Sarajevo"]
[Date "2019.04.30"]
[Round "5"]
[White "Pistalovic, Slobodan"]
[Black "Marn, Jan"]
[Result "0-1"]
[WhiteElo "1865"]
[BlackElo "2150"]
[PlyCount "96"]
[EventDate "2019.04.27"]
[EventType "swiss"]
[EventRounds "9"]
[EventCountry "BIH"]
[SourceTitle "CBM 190 Extra"]
[Source "ChessBase"]
[SourceDate "2019.07.15"]
[SourceVersion "1"]
[SourceVersionDate "2019.07.15"]
[SourceQuality "1"]

1. e4 e5 2. Bc4 Nf6 3. d3 Nc6 4. Nf3 Bc5 5. Nc3 a6 6. a3 d6 7. h3 h6 8. 0-0 0-0 9. Be3 Ba7 10. Bxa7 Rxa7 11. d4 exd4 12. Nxd4 Ne5 13. Bb3 c5 14. Nf3 b5 15. Bd5 Re7 16. Nxe5 Rxe5 17. f4 Re7 18. b4 Qb6 19. Kh2 Rfe8 20. Qd3 c4 21. Qf3 Be6 22. Bxe6 Rxe6 23. Rfe1 d5 24. e5 d4 25. exf6 Rxe1 26. Rxe1 Rxe1 27. Nd5 Qd6 28. Qg3 g5 29. Qxe1 Qxd5 30. Qe8+ Kh7 31. Qf8 Kg6 32. g4 Kxf6 33. Qxh6+ Ke7 34. fxg5 Qd6+ 35. Kg2 c3 36. Qh7 d3 37. cxd3 c2 38. Qe4+ Kf8 39. Qa8+ Kg7 40. Qc8 Qxd3 41. Qc5 Qe2+ 42. Kg3 Qe1+ 43. Kg2 c1Q 44. Qd4+ Kf8 45. Qh8+ Ke7 46. Qf6+ Ke8 47. Qh8+ Kd7 48. Qd4+ Kc8 0-1

[Event "EU-ch U10 26th"]
[Site "Prague"]
[Date "2016.08.22"]
[Round "5"]
[White "Krupa, Miroslav"]
[Black "Pistalovic, Slobodan"]
[Result "1-0"]
[WhiteElo "1808"]
[BlackElo "1458"]
[PlyCount "63"]
[EventDate "2016.08.18"]
[EventType "swiss"]
[EventRounds "9"]
[EventCountry "CZE"]
[SourceTitle "CBM 174 Extra"]
[Source "ChessBase"]
[SourceDate "2016.10.10"]
[SourceVersion "1"]
[SourceVersionDate "2016.10.10"]
[SourceQuality "1"]

1. e4 c6 2. d4 d5 3. Nc3 dxe4 4. Nxe4 Bf5 5. Ng3 Bg6 6. h4 h6 7. h5 Bh7 8. Nf3 Nd7 9. Bd3 Bxd3 10. Qxd3 e6 11. Bf4 Qa5+ 12. Bd2 Qc7 13. 0-0-0 Ngf6 14. Kb1 Bd6 15. Ne2 0-0-0 16. Nc3 Rhf8 17. Qe2 Kb8 18. Rde1 Be7 19. Ne5 Nxe5 20. Bf4 Qb6 21. Qxe5+ Bd6 22. Qxd6+ Rxd6 23. Bxd6+ Kc8 24. Bxf8 g6 25. hxg6 fxg6 26. Bc5 Qc7 27. Rxe6 Qf7 28. Rhe1 Nd7 29. Bd6 b6 30. Re8+ Kb7 31. R1e7 Qf5 32. Rxd7+ 1-0